Normal view MARC view
  • Sociología de la educación

Entry Materia

Number of records used in: 11

001 - NÚMERO DE CONTROL DEL REGISTRO

  • campo de control: 15488

003 - IDENTIFICADOR DE NUMERO DE CONTROL

  • campo de control: DLC

005 - FECHA Y HORA DE LA ÚLTIMA TRANSACCIÓN

  • campo de control: 20240826132446.0

008 - DATOS DE LONGITUD FIJA

  • campo de control de longitud fija: 240826n||azannbabn | a|a |d

010 ## - NÚMERO DE CONTROL DE LA BIBLIOTECA DEL CONGRESO (LC)

  • LC control number: sh2009102375

035 ## - NÚMERO DE CONTROL DEL SISTEMA

  • Número de control del sistema: UPN10000015496

035 ## - NÚMERO DE CONTROL DEL SISTEMA

  • Número de control del sistema: (DLC)416635

035 ## - NÚMERO DE CONTROL DEL SISTEMA

  • Número de control del sistema: (DLC)sh2009102375

040 ## - FUENTE DE LA CATALOGACIÓN

  • Lengua de catalogación: spa
  • Agencia de transcripción: DLC
  • Centro catalogador de origen: DLC
  • Agencia de modificación: MX-MxUPN

053 #4 - NÚMERO CLASIFICADOR - BIBLIOTECA DEL CONGRESO (LC)

  • Elemento numérico de la clasificación - Número único o no. inicial del rango: LC191.8 E5

150 ## - ENCABEZAMIENTO - TEMÁTICO

  • Término de materia o nombre geográfico como elemento inicial: Sociología de la educación
  • Subdivisión geográfica: España

670 ## - FUENTE EN LA QUE SE LOCALIZARON DATOS

  • Cita de la fuente: Autoridades LC, 26 agosto 2024 :
  • Información localizada: Educational sociology Spain
  • Identificador Uniforme del Recurso: https://lccn.loc.gov/sh2009102375

902 ## - CATALOGADOR

  • Catalogador: CAA/280303
  • Catalogador: MaríaRobles/260824